Ličnoje podsobnoje chozjajstvo v uslovijach agropromyšlennoj integracii

Na minha lista:
Detalhes bibliográficos
Formato: Livro
Idioma:russo
Publicado em: Moskva Nauka 1988
Edição:1. izd.
Tags: Adicionar Tag
Sem tags, seja o primeiro a adicionar uma tag!

MARC

LEADER 00000nam a2200000 4500
001 c032020
005 20250108090613.9
041 0 |a rus 
044 |a RU 
245 1 0 |a Ličnoje podsobnoje chozjajstvo v uslovijach agropromyšlennoj integracii  |c Red. V.B. Ostrovskij 
250 |a 1. izd. 
264 1 |a Moskva  |b Nauka  |c 1988 
300 |a 157 s.